Hřbitov bohatých psů / Egon Erwin Kisch ; [z německého originálu ... vybrala, uspořádala a doslov napsala Viera Glosiková ; přeložily Gabriela Veselá a Viera Glosiková]
Record details
- ISBN: 978-80-85935-70-7
- Physical Description: 276 s. : il., portréty, faksim. ; 18 cm
- Edition: V tomto překladu 1. české vyd.
- Publisher: V Praze : Labyrint, 2008
Search for related items by subject
| Genre: | německy psané prózy reportáže výbory prose in German reportage selected works |
Search for related items by series
Available copies
- 1 of 1 copy available at Common Catalog SPOK.
Holds
- 0 current holds with 1 total copy.
Show Only Available Copies
| Location | Call Number / Copy Notes | Barcode | Shelving Location | Status | Due Date |
|---|---|---|---|---|---|
| The Jewish community of Prague | K 2697 | 4638300831 | K - Beletrie | Available | - |
Electronic resources
Version of Resource: Digitalizovaný dokument
| LDR | 01623nam a2200421 a 4500 | ||
|---|---|---|---|
| 001 | 52936 | ||
| 003 | CZ-PrJAB | ||
| 005 | 20080822145850.0 | ||
| 007 | ta | ||
| 008 | 080429s2008 xr ach g 000 f cze | ||
| 015 | . | ‡acnb001802578 | |
| 020 | . | ‡a978-80-85935-70-7 ‡q(váz.) | |
| 035 | . | ‡a(CZ PrNK)nkc20081802578 | |
| 035 | . | ‡a(OCoLC)237075208 | |
| 040 | . | ‡aOLA001 ‡bcze ‡dABA001 | |
| 041 | 1 | . | ‡acze ‡hger |
| 072 | 7. | ‡a821.112.2-3 ‡xNěmecká próza, německy psaná ‡2Konspekt ‡925 | |
| 080 | . | ‡a821.112.2(437.3)-3 ‡2MRF | |
| 080 | . | ‡a(0:82-4) ‡2MRF | |
| 080 | . | ‡a(082.21) ‡2MRF | |
| 100 | 1 | . | ‡aKisch, Egon Erwin, ‡d1885-1948 ‡7jk01060211 ‡4aut |
| 245 | 1 | 0. | ‡aHřbitov bohatých psů / ‡cEgon Erwin Kisch ; [z německého originálu ... vybrala, uspořádala a doslov napsala Viera Glosiková ; přeložily Gabriela Veselá a Viera Glosiková] |
| 250 | . | ‡aV tomto překladu 1. české vyd. | |
| 260 | . | ‡aV Praze : ‡bLabyrint, ‡c2008 | |
| 300 | . | ‡a276 s. : ‡bil., portréty, faksim. ; ‡c18 cm | |
| 490 | 1 | . | ‡aKarawana ; ‡vsv. 7 |
| 655 | 7. | ‡aněmecky psané prózy ‡7fd132935 ‡2czenas | |
| 655 | 7. | ‡areportáže ‡7fd133252 ‡2czenas | |
| 655 | 7. | ‡avýbory ‡7fd133853 ‡2czenas | |
| 655 | 9. | ‡aprose in German ‡2eczenas | |
| 655 | 9. | ‡areportage ‡2eczenas | |
| 655 | 9. | ‡aselected works ‡2eczenas | |
| 700 | 1 | . | ‡aGlosíková, Viera ‡7jn20010309042 ‡4com ‡4edt ‡4aft ‡4trl |
| 765 | 0 | . | ‡tGesammelte Werke in Einzelausgaben ‡9Česky |
| 830 | 0. | ‡aKarawana | |
| 856 | 4 | 1. | ‡uhttp://krameriusndk.nkp.cz/search/handle/uuid:f4cbbd70-d4aa-11e5-9ce1-005056827e51 ‡yDigitalizovaný dokument |
| 910 | . | ‡aABE461 | |
| 995 | . | ‡aska | |
| 901 | . | ‡a52936 ‡bAUTOGEN ‡c52936 ‡tbiblio | |